Evolution of the bioenergetic processes (Record no. 34711)

MARC details
000 -LEADER
fixed length control field 00537nam a2200181Ia 4500
082 ## - DEWEY DECIMAL CLASSIFICATION NUMBER
Classification number 577.23
Item number BRO
100 ## - MAIN ENTRY--AUTHOR NAME
Personal name BRODA, E
245 #0 - TITLE STATEMENT
Title Evolution of the bioenergetic processes
260 ## - PUBLICATION, DISTRIBUTION, ETC. (IMPRINT)
Place of publication Oxford
Name of publisher Pergamon
Year of publication 1978
490 ## - SERIES STATEMENT
Series statement Pergamon international library of science technology engineering and social studies
650 ## - SUBJECT ADDED ENTRY--TOPICAL TERM
Topical Term Bacterial photosynthesis
650 ## - SUBJECT ADDED ENTRY--TOPICAL TERM
Topical Term Bioenergetics
650 ## - SUBJECT ADDED ENTRY--TOPICAL TERM
Topical Term Chemolithotrophy
650 ## - SUBJECT ADDED ENTRY--TOPICAL TERM
Topical Term Fermentation
650 ## - SUBJECT ADDED ENTRY--TOPICAL TERM
Topical Term Mitochondria
942 ## - ADDED ENTRY ELEMENTS (KOHA)
Koha item type Books
Holdings
Withdrawn status Lost status Damaged status Not for loan Home library Current library Date acquired Full call number Accession Number Koha item type
        RRII Library RRII Library 16/12/2021 577.23 BRO 15139 Books